LEADER 01127nam a2200265 u 4500 001 000000072344 003 CaOOAMICUS 005 20070226122230.0 008 020613s1901 gw u000 u ger u 035 $a10933362 040 $aPUL(R)$bita 100 1 $aBismarck, Otto,$cFürst von,$d1815-1898.$0(OLS)http://pul/name/5394 240 10$aLettere$9(Bismarck, Otto, Fürst von, 1815-1898).$0(OLS)http://pul/title/95166 245 10$aAus Bismarcks Briefwechsel. 246 35$aAnhang zu den Gedanken und Erinnerung von Otto von Bismarck.$nII 260 $aStuttgart :$bCotta,$c1901. 300 $axlvi, 567 p. ;$c24 cm 504 $aBibliografia in nota. 850 $aPUL 852 $aPUL$W1$xDP1 Cons. Gen., Altre Classi 1$y22$m929 A 4$j93580$nBK-PRI$b $qStampati$B93580$CPULBib$Z2$F93580 $H $81 941 1 $a8 961 $aINV: 13766 996 $6245$aAus Bismarcks Briefwechsel$9(OLS)http://pul/title/95167 996 $6246$aAnhang zu den Gedanken und Erinnerung von Otto von Bismarck.$nII$9(OLS)http://pul/title/95168 996 $6260$aStuttgart :$bCotta$9(OLS)http://pul/publisher/73918 LEADER 01231nam a2200313 a 4500 001 000000074595 003 CaOOAMICUS 005 20130624150352.0 008 021211s2001 it u000 u ita r 020 $a8838238839 035 $a10948300 040 $aMSA$bita 100 1 $aRigobello, Armando,$d1924-$0(OLS)http://pul/name/2221 245 12$aL'estraneità interiore /$cArmando Rigobello. 260 $aRoma :$bStudium,$c2001. 300 $ax, 187 p. ;$c21 cm 490 1 $aDialettica ;$v10 650 4$aTrascendenza e immanenza (filosofia).$0(OLS)http://pul/subject/12582 830 0$aDialettica ;$v10.$0(OLS)http://pul/title/3052 850 $aPUL 852 $aPUL$W1$xSL Filosofia 3$y81$m126 RIGAR 1$j96192$nBK-PRI$qDDC 21$B96192$CPULBib$Z2$F96192 $H97811 $82 852 $aPUL$W1$xDP1 Fondo E. Rossi$y115$m1 R 38$j154757$a2. copia$qFondi$B154264$CPULBib$Z2$F154264 $82 941 1 $a9 941 1 $a1 961 $aSul dorso collocazione ms. di E. Rossi: R 9 2 996 $6020$a8838238839$9(OLS)http://pul/number/96863 996 $6245$aL'estraneità interiore$9(OLS)http://pul/title/97923 996 $6260$aRoma :$bStudium$9(OLS)http://pul/publisher/47892